| 000 | 01140cam a22003497a 4500 | ||
|---|---|---|---|
| 003 | CHAP | ||
| 005 | 20220329135900.0 | ||
| 008 | 971013s1976 r 00010 d | ||
| 010 | _a43744 | ||
| 011 | _a44716 | ||
| 035 | _a48854 | ||
| 040 | _cCHAP | ||
| 082 |
_a634.61 _bF8 |
||
| 100 | 0 | 0 |
_aFundación Servicio para el Agricultor. Cagua, Venezuela. _944012 |
| 245 | 0 | _aCoco | |
| 260 |
_a(s.l.) : _b(s.e.), _c1976 |
||
| 300 | _a93 p. | ||
| 490 | 0 |
_aSerie A _v; 40 |
|
| 590 |
_aBATCH-UPD _b10 _c20130110 _lUCH01 _h1058 |
||
| 590 |
_aBATCH-UPD _b10 _c20130410 _lUCH01 _h0652 |
||
| 590 |
_aBATCH-UPD _b10 _c20130914 _lUCH01 _h0955 |
||
| 590 |
_aCONVERSION _b10 _c20130109 _lUCH01 _h1324 |
||
| 650 | 1 | 4 |
_aCoco. _924234 |
| 650 | 1 | 4 |
_aCoco _xVenezuela. _924273 |
| 710 | 0 |
_aFondo para el Desarrollo del Coco, la Copra y la Palma Africana. _942128 |
|
| 830 | 0 |
_aSerie A _v; 40 _9104578 |
|
| 901 | _aBK | ||
| 942 | _cLIBRO | ||
| 949 |
_a634.61 F8 _bBC _cLIBRO _d-110428 _eLIBRO _h41511 _i48854 _mD _si |
||
| 949 |
_a634.61 F8 _bBC _cLIBRO _d-110429 _eLIBRO _fc.2 _h41512 _i48854 _mD _si |
||
| 949 |
_a634.61 F8 _bBC _cLIBRO _d-110430 _eLIBRO _fc.3 _h41513 _i48854 _mD _si |
||
| 999 |
_c43744 _d43744 |
||